00646 2200217 4500001002100000005001700021008004100038020001800079035002400097041000800121043001300129082001100142090002200153100001900175245012500194260003100319300002400350650002000374850001200394999002200406YOGYA-0711000000084620110718085336.0 ind  a979-877-122-2 0010-071100000000846 aInd aYOPD DIY a006.68 aDEP 006.68bSib O aSIBERO, Ivan C aOut of the box inspirasi desain dikala mentok : panduan membuat tekstur & efek teks menggunakan photoshopcIvan C Sibero aYogyakartabMediakomc2010 a96 hlmbilusc16 cm aKomputer grafis aYOPDYOG aCB-D.11 2010-1769